[Event "HUN-chT2 Toth 0203"]
[Site "Hungary"]
[Date "2003.03.02"]
[Round "8"]
[White "Dostan, Arpad"]
[Black "Merena, Laszlo"]
[Result "1/2-1/2"]
[WhiteElo "2123"]
[BlackElo "2205"]
[PlyCount "34"]
[EventDate "2002.09.22"]
[EventType "team"]
[EventRounds "11"]
[EventCountry "HUN"]
[SourceTitle "EXT 2009"]
[Source "ChessBase"]
[SourceDate "2008.11.26"]
[SourceVersion "1"]
[SourceVersionDate "2008.11.26"]
[SourceQuality "1"]

1. d4 f5 2. Nf3 d5 3. Bf4 Nf6 4. e3 e6 5. Bd3 Bd6 6. c3 Nbd7 7. 0-0 0-0 8. Nbd2 Qe8 9. Qc2 Ne4 10. Bxd6 Nxd6 11. c4 c6 12. cxd5 exd5 13. b4 Qh5 14. Nb3 Rf6 15. Nc5 Rh6 16. Be2 Nf7 17. g3 Nxc5 1/2-1/2

[Event "HUN-chT2 Toth 0203"]
[Site "Hungary"]
[Date "2002.09.22"]
[Round "1"]
[White "Botta, Tibor"]
[Black "Dostan, Arpad"]
[Result "1/2-1/2"]
[WhiteElo "2213"]
[BlackElo "2123"]
[PlyCount "29"]
[EventDate "2002.09.22"]
[EventType "team"]
[EventRounds "11"]
[EventCountry "HUN"]
[SourceTitle "EXT 2009"]
[Source "ChessBase"]
[SourceDate "2008.11.26"]
[SourceVersion "1"]
[SourceVersionDate "2008.11.26"]
[SourceQuality "1"]

1. d4 Nf6 2. Nf3 e6 3. c4 Bb4+ 4. Bd2 Bxd2+ 5. Nbxd2 d5 6. e3 0-0 7. Bd3 Nbd7 8. Qc2 h6 9. Rc1 c6 10. 0-0 Qe7 11. h3 e5 12. dxe5 Nxe5 13. Nxe5 Qxe5 14. Nf3 Qe7 15. Bf5 1/2-1/2